000 00659nam a2200277Ia 4500
001 2801
008 191123s9999 xx 000 0 und d
041 _aeng
044 _axxu
100 _aGalavaris, George,
245 0 _aIcons from the Elvehjem Art Center.
260 _aMadison :
_bUniversity of Wisconsin,
_c1973.
300 _axxii, 127 p.
504 _aBibliografĂ­a pp. xv - xxii
650 _aELVEHJEM ART CENTER, MADISON
650 _aESTADOS UNIDOS
650 _aICONOS
902 _aM
903 _am
904 _am
907 _aImpreso
911 _aláminas b/n; 26 cm
912 _a1973
942 _cLIBRO
999 _c2484
_d2484